<?xml version="1.0" encoding="UTF-8"?>
<record
    xmlns:xsi="http://www.w3.org/2001/XMLSchema-instance"
    xsi:schemaLocation="http://www.loc.gov/MARC21/slim http://www.loc.gov/standards/marcxml/schema/MARC21slim.xsd"
    xmlns="http://www.loc.gov/MARC21/slim">

  <leader>01886nam a22002657a 4500</leader>
  <controlfield tag="001">6539</controlfield>
  <controlfield tag="003">FISKH</controlfield>
  <controlfield tag="005">20250508153412.0</controlfield>
  <controlfield tag="008">250508b        cb ||||| |||| 00| 0 eng d</controlfield>
  <datafield tag="020" ind1=" " ind2=" ">
    <subfield code="a">9789995001582</subfield>
  </datafield>
  <datafield tag="040" ind1=" " ind2=" ">
    <subfield code="a">FISKH</subfield>
    <subfield code="b">khr</subfield>
    <subfield code="c">FISKH</subfield>
    <subfield code="d">FISKH</subfield>
  </datafield>
  <datafield tag="082" ind1=" " ind2=" ">
    <subfield code="a">510</subfield>
  </datafield>
  <datafield tag="100" ind1=" " ind2=" ">
    <subfield code="a">Kimsrun, In</subfield>
  </datafield>
  <datafield tag="245" ind1=" " ind2=" ">
    <subfield code="a">&#x1780;&#x17C6;&#x178E;&#x17C2;&#x179B;&#x17C6;&#x17A0;&#x17B6;&#x178F;&#x17CB; &#x1782;&#x178E;&#x17B7;&#x178F;&#x179C;&#x17B7;&#x1791;&#x17D2;&#x1799;&#x17B6; &#x17E6;&#x200B; /</subfield>
    <subfield code="c">&#x17A2;&#x17D2;&#x1793;&#x1780;&#x1793;&#x17B7;&#x1796;&#x1793;&#x17D2;&#x1792;&#x1793;&#x17B7;&#x1784;&#x179A;&#x17C0;&#x1794;&#x179A;&#x17C0;&#x1784; &#x179B;&#x17C4;&#x1780; &#x17A2;&#x17BB;&#x17B7;&#x1793; &#x1782;&#x17BA;&#x1798;&#x179F;&#x17D2;&#x179A;&#x17CA;&#x17BB;&#x1793; &#x17A2;&#x17D2;&#x1793;&#x1780;&#x179C;&#x17B6;&#x1799;&#x17A2;&#x178F;&#x17D2;&#x1790;&#x1794;&#x1791; &#x179B;&#x17C4;&#x1780; &#x1787;&#x17BB;&#x17C6; &#x179F;&#x178F;&#x17D2;&#x1799;&#x17B6; &#x17A2;&#x17D2;&#x1793;&#x1780;&#x179A;&#x1785;&#x1793;&#x17B6;&#x1791;&#x17C6;&#x1796;&#x17D0;&#x179A; &#x179B;&#x17C4;&#x1780; &#x1782;&#x1784;&#x17CB; &#x1785;&#x17B7;&#x178F;&#x17D2;&#x179A;&#x17B6; &#x17A2;&#x17D2;&#x1793;&#x1780;&#x1795;&#x17D2;&#x1791;&#x17C0;&#x1784;&#x1795;&#x17D2;&#x1791;&#x17B6;&#x178F;&#x17CB; &#x179B;&#x17C4;&#x1780; &#x17A2;&#x17CA;&#x17BB;&#x17C6; &#x1794;&#x17BB;&#x1794;&#x17D2;&#x1795;&#x17B6;&#x200B;</subfield>
  </datafield>
  <datafield tag="250" ind1=" " ind2=" ">
    <subfield code="a">&#x1794;&#x17C4;&#x17C7;&#x1796;&#x17BB;&#x1798;&#x17D2;&#x1796;&#x1786;&#x17D2;&#x1793;&#x17B6;&#x17C6;2018</subfield>
  </datafield>
  <datafield tag="260" ind1=" " ind2=" ">
    <subfield code="a">&#x1797;&#x17D2;&#x1793;&#x17C6;&#x1796;&#x17C1;&#x1789; :</subfield>
    <subfield code="b">&#x1782;&#x17D2;&#x179A;&#x17BA;&#x17C7;&#x179F;&#x17D2;&#x1790;&#x17B6;&#x1793;&#x1794;&#x17C4;&#x17C7;&#x1796;&#x17BB;&#x1798;&#x17D2;&#x1796;&#x1793;&#x17B7;&#x1784;&#x1785;&#x17C2;&#x1780;&#x1795;&#x17D2;&#x179F;&#x17B6;&#x1799; ,</subfield>
    <subfield code="c">2018 .</subfield>
  </datafield>
  <datafield tag="300" ind1=" " ind2=" ">
    <subfield code="a">172 pages : </subfield>
    <subfield code="b">color illustrations ;</subfield>
    <subfield code="c">21 cm . </subfield>
  </datafield>
  <datafield tag="520" ind1=" " ind2=" ">
    <subfield code="a">&#x179F;&#x17C0;&#x179C;&#x1797;&#x17C5; &#xAB;&#x1780;&#x17C6;&#x178E;&#x17C2;&#x179B;&#x17C6;&#x17A0;&#x17B6;&#x178F;&#x17CB;&#x1782;&#x178E;&#x17B7;&#x178F;&#x179C;&#x17B7;&#x1791;&#x17D2;&#x1799;&#x17B6;&#x1790;&#x17D2;&#x1793;&#x17B6;&#x1780;&#x17CB;&#x1791;&#x17B8;&#x17E6;&#xBB; &#x178A;&#x17C2;&#x179B;&#x1793;&#x17B7;&#x1796;&#x1793;&#x17D2;&#x1792;&#x1793;&#x17B7;&#x1784;&#x179A;&#x17C0;&#x1794;&#x179A;&#x17C0;&#x1784;&#x178A;&#x17C4;&#x1799;&#x179B;&#x17C4;&#x1780; &#x17A2;&#x17BB;&#x17B7;&#x1793; &#x1782;&#x17BA;&#x1798;&#x179F;&#x17D2;&#x179A;&#x17CA;&#x17BB;&#x1793; &#x1782;&#x17BA;&#x1787;&#x17B6;&#x17AF;&#x1780;&#x179F;&#x17B6;&#x179A;&#x178A;&#x17C2;&#x179B;&#x1798;&#x17B6;&#x1793;&#x1782;&#x17C4;&#x179B;&#x1794;&#x17C6;&#x178E;&#x1784;&#x1795;&#x17D2;&#x178F;&#x179B;&#x17CB;&#x1787;&#x17C6;&#x1793;&#x17BD;&#x1799;&#x178A;&#x179B;&#x17CB;&#x179F;&#x17B7;&#x179F;&#x17D2;&#x179F;&#x1790;&#x17D2;&#x1793;&#x17B6;&#x1780;&#x17CB;&#x1791;&#x17B8;&#x17E6;&#x1780;&#x17D2;&#x1793;&#x17BB;&#x1784;&#x1780;&#x17B6;&#x179A;&#x179A;&#x17C0;&#x1793; &#x1793;&#x17B7;&#x1784;&#x17A2;&#x1793;&#x17BB;&#x179C;&#x178F;&#x17D2;&#x178F;&#x179B;&#x17C6;&#x17A0;&#x17B6;&#x178F;&#x17CB;&#x1782;&#x178E;&#x17B7;&#x178F;&#x179C;&#x17B7;&#x1791;&#x17D2;&#x1799;&#x17B6;&#x17D4;</subfield>
  </datafield>
  <datafield tag="520" ind1=" " ind2=" ">
    <subfield code="a">The book &#x201C;Grade 6 Mathematics Exercise Book&#x201D;, written and compiled by Mr. In Kim Srun, is a resource designed to assist sixth-grade students in learning and practicing mathematics exercises.




</subfield>
  </datafield>
  <datafield tag="650" ind1=" " ind2=" ">
    <subfield code="a">&#x1782;&#x178E;&#x17B7;&#x178F;&#x179C;&#x17B7;&#x1791;&#x17D2;&#x1799;&#x17B6;&#x200B;</subfield>
  </datafield>
  <datafield tag="650" ind1=" " ind2=" ">
    <subfield code="a">Mathematic </subfield>
  </datafield>
  <datafield tag="700" ind1=" " ind2=" ">
    <subfield code="a">Satya, Chom</subfield>
    <subfield code="e">Illustrator </subfield>
  </datafield>
  <datafield tag="942" ind1=" " ind2=" ">
    <subfield code="2">ddc</subfield>
    <subfield code="c">KHB</subfield>
    <subfield code="n">0</subfield>
  </datafield>
  <datafield tag="999" ind1=" " ind2=" ">
    <subfield code="c">6539</subfield>
    <subfield code="d">6539</subfield>
  </datafield>
  <datafield tag="952" ind1=" " ind2=" ">
    <subfield code="0">0</subfield>
    <subfield code="1">0</subfield>
    <subfield code="2">ddc</subfield>
    <subfield code="4">0</subfield>
    <subfield code="7">0</subfield>
    <subfield code="8">KH</subfield>
    <subfield code="a">002</subfield>
    <subfield code="b">001</subfield>
    <subfield code="c">SKB</subfield>
    <subfield code="d">2025-05-08</subfield>
    <subfield code="l">1</subfield>
    <subfield code="o">KIM PZ7 510</subfield>
    <subfield code="p">FISSE02637</subfield>
    <subfield code="r">2025-09-15 08:22:28</subfield>
    <subfield code="s">2025-09-12</subfield>
    <subfield code="t">1</subfield>
    <subfield code="w">2025-05-08</subfield>
    <subfield code="y">KHB</subfield>
  </datafield>
  <datafield tag="952" ind1=" " ind2=" ">
    <subfield code="0">0</subfield>
    <subfield code="1">0</subfield>
    <subfield code="2">ddc</subfield>
    <subfield code="4">0</subfield>
    <subfield code="7">0</subfield>
    <subfield code="8">KH</subfield>
    <subfield code="a">002</subfield>
    <subfield code="b">002</subfield>
    <subfield code="c">SKB</subfield>
    <subfield code="d">2025-05-08</subfield>
    <subfield code="l">0</subfield>
    <subfield code="o">KIM PZ7 000</subfield>
    <subfield code="p">2025-1224</subfield>
    <subfield code="r">2025-05-08 14:44:59</subfield>
    <subfield code="t">2</subfield>
    <subfield code="w">2025-05-08</subfield>
    <subfield code="y">KHB</subfield>
  </datafield>
  <datafield tag="952" ind1=" " ind2=" ">
    <subfield code="0">0</subfield>
    <subfield code="1">0</subfield>
    <subfield code="2">ddc</subfield>
    <subfield code="4">0</subfield>
    <subfield code="7">0</subfield>
    <subfield code="8">KH</subfield>
    <subfield code="a">002</subfield>
    <subfield code="b">002</subfield>
    <subfield code="c">SKB</subfield>
    <subfield code="d">2025-05-09</subfield>
    <subfield code="l">0</subfield>
    <subfield code="o">KIM PZ7 000</subfield>
    <subfield code="p">FISSE02635</subfield>
    <subfield code="r">2025-05-09 10:09:26</subfield>
    <subfield code="t">3</subfield>
    <subfield code="w">2025-05-09</subfield>
    <subfield code="y">KHB</subfield>
  </datafield>
  <datafield tag="952" ind1=" " ind2=" ">
    <subfield code="0">0</subfield>
    <subfield code="1">0</subfield>
    <subfield code="2">ddc</subfield>
    <subfield code="4">0</subfield>
    <subfield code="7">0</subfield>
    <subfield code="8">KH</subfield>
    <subfield code="a">002</subfield>
    <subfield code="b">002</subfield>
    <subfield code="c">SKB</subfield>
    <subfield code="d">2025-05-09</subfield>
    <subfield code="l">0</subfield>
    <subfield code="o">KIM PZ7 000</subfield>
    <subfield code="p">FISSE01754</subfield>
    <subfield code="r">2025-05-09 10:14:43</subfield>
    <subfield code="t">4</subfield>
    <subfield code="w">2025-05-09</subfield>
    <subfield code="y">KHB</subfield>
  </datafield>
</record>
